MARC details
| 000 -CABECERA |
| campo de control de longitud fija |
03422cas a2200433 4500 |
| 001 - NÚMERO DE CONTROL |
| campo de control |
11194471 |
| 005 - FECHA Y HORA DE LA ÚLTIMA TRANSACCIÓN |
| campo de control |
20250915104058.0 |
| 008 - DATOS DE LONGITUD FIJA--INFORMACIÓN GENERAL |
| campo de control de longitud fija |
751022c19759999iauqr p gv 0 a0eng c |
| 010 ## - NÚMERO DE CONTROL DE LA BIBLIOTECA DEL CONGRESO |
| Número de control de LC |
75649413 |
| 016 7# - NÚMERO DE CONTROL DE UNA AGENCIA BIBLIOGRÁFICA NACIONAL |
| Número de control del registro |
100972797 |
| Fuente |
DNLM |
| 016 7# - NÚMERO DE CONTROL DE UNA AGENCIA BIBLIOGRÁFICA NACIONAL |
| Número de control del registro |
010488924 |
| Fuente |
Uk |
| 022 0# - NÚMERO INTERNACIONAL NORMALIZADO PARA PUBLICACIONES SERIADAS |
| Número Internacional Normalizado para Publicaciones Seriadas |
0360-795X |
| ISSN-L |
0360-795X |
| Fuente |
1 |
| 035 ## - NÚMERO DE CONTROL DEL SISTEMA |
| Número de control de sistema |
11194471 |
| 035 ## - NÚMERO DE CONTROL DEL SISTEMA |
| Número de control de sistema |
(OCoLC)1723653 |
| 037 ## - FUENTE DE ADQUISICIÓN |
| Fuente del número de adquisición |
University of Iowa, College of Law, Iowa City, IA 52242 |
| 040 ## - FUENTE DE LA CATALOGACIÓN |
| Centro catalogador/agencia de origen |
PIT |
| Lengua de catalogación |
eng |
| Centro/agencia transcriptor |
PIT |
| Centro/agencia modificador |
NSD |
| -- |
DLC |
| -- |
OCL |
| -- |
NSD |
| -- |
NST |
| -- |
AIP |
| -- |
NSD |
| -- |
AIP |
| -- |
NST |
| -- |
AIP |
| -- |
DLC |
| -- |
NSD |
| -- |
NST |
| -- |
SYS |
| -- |
NLM |
| -- |
OCLCQ |
| -- |
CUS |
| -- |
DOS |
| -- |
NLA |
| -- |
OCLCQ |
| -- |
UKMGB |
| -- |
OCLCF |
| -- |
OCLCO |
| -- |
LRP |
| -- |
OCLCQ |
| -- |
FJM |
| -- |
GZM |
| -- |
OCLCO |
| -- |
OCL |
| -- |
CPO |
| -- |
OCLCQ |
| -- |
AU@ |
| -- |
MGSOL |
| -- |
IL4J6 |
| -- |
UEJ |
| -- |
OCLCO |
| -- |
OCLCQ |
| -- |
OCLCL |
| -- |
TXHLS |
| 042 ## - CÃDIGO DE AUTENTICACIÃN |
| Código de autenticación |
nsdp |
| -- |
pcc |
| 043 ## - CÓDIGO DE ÁREA GEOGRÁFICA |
| Código de área geográfica |
n-us--- |
| 050 00 - SIGNATURA TOPOGRÁFICA DE LA BIBLIOTECA DEL CONGRESO |
| Número de clasificación |
K10 |
| Número de documento/Ítem |
.O859 |
| 050 14 - SIGNATURA TOPOGRÁFICA DE LA BIBLIOTECA DEL CONGRESO |
| Número de clasificación |
KF1397 |
| Número de documento/Ítem |
.J68 |
| 082 04 - NÚMERO DE LA CLASIFICACIÓN DECIMAL DEWEY |
| Número de clasificación |
346/.73/06605 |
| 210 0# - TÃTULO ABREVIADO |
| TÃtulo abreviado |
J. corp. law |
| 222 #4 - TÍTULO CLAVE |
| Título clave |
The Journal of corporation law |
| 245 04 - MENCIÓN DE TÍTULO |
| Título |
The Journal of corporation law. |
| 246 13 - FORMA VARIANTE DE TÍTULO |
| Título propio/Titulo breve |
J. Corp. L |
| 260 ## - PUBLICACIÓN, DISTRIBUCIÓN, ETC. |
| Lugar de publicación, distribución, etc. |
[Iowa City], |
| Nombre del editor, distribuidor, etc. |
[University of Iowa, College of Law] |
| 300 ## - DESCRIPCIÓN FÍSICA |
| Extensión |
volumes |
| Dimensiones |
26 cm |
| 310 ## - PERIODICIDAD ACTUAL |
| Periodicidad actual |
Quarterly, |
| Fecha de comienzo de la periodicidad actual |
<v. 7-> |
| 321 ## - PERIODICIDAD ANTERIOR |
| Periodicidad anterior |
Three no. a year |
| 362 0# - FECHAS DE PUBLICACIÓN Y/O DESIGNACIÓN SECUENCIAL |
| Fecha de publicación y/o designación secuencial |
v. 1- fall 1975- |
| 520 ## - SUMARIO, ETC. |
| Sumario, etc. |
In 1974, a group of enterprising students at The University of Iowa College of Law hit on a new idea: forming a specialty law journal dedicated exclusively to corporate law. A student-run journal of this kind did not exist at the time. A year later, and after tremendous support—financial and otherwise—from Father David C. Bayne of the law school’s faculty, the first issue of The Journal of Corporation Law (JCL) rolled off the presses. <br/><br/>Former faculty advisor Randall S. Thomas writes the following about JCL’s early years: <br/><br/>An extended period of strong development of JCL followed. Dean Hines recalls that, “the Board had ambition, and the journal grew and established a niche.” Not long after JCL’s inception, it “had established a place within the Law School and competed with the Law Review for students.” <br/><br/>Early success matured into lasting contributions to the corporate law field. Two of the most prominent examples include an article entitled Challenges to Executive Compensation: For the Market of Courts? by Professor Detlev Vagts of the Harvard Law School, an article on which an entire scholarly field on executive compensation was built. Several years later, JCL’s 1991 symposium volume on proxy voting reform had a material influence on the SEC’s 1992 proxy reform rules, according to SEC staffers. <br/><br/>JCL continues to publish scholarship on the bleeding edge of corporate law. Recent articles touch on everything from blockchain-enabled governance to the emerging discourse around which constituencies a corporation ought to serve. It remains one of the highest ranked corporate law journals in the U.S., according to W&L Law Journal Rankings. And it remains committed to the broad and adventurous scholarly scope established by its past editors and contributors. |
| 650 #0 - PUNTO DE ACCESO ADICIONAL DE MATERIA--TÉRMINO DE MATERIA |
| Término de materia o nombre geográfico como elemento de entrada |
Corporation law |
| Subdivisión geográfica |
United States |
| Subdivisión de forma |
Periodicals. |
| 655 #0 - TÉRMINO DE INDIZACIÓN--GÉNERO/FORMA |
| Datos o término principal de género/forma |
Law reviews. |
| 9 (RLIN) |
25870 |
| 655 #0 - TÉRMINO DE INDIZACIÓN--GÉNERO/FORMA |
| Datos o término principal de género/forma |
Periodicals |
| 9 (RLIN) |
23543 |
| 710 ## - ENTRADA AGREGADA--NOMBRE DE ENTIDAD CORPORATIVA |
| Nombre de entidad corporativa o nombre de jurisdicción como elemento de entrada |
University of Iowa. |
| Unidad subordinada |
College of Law. |
| 776 08 - ENTRADA DE FORMULARIO FÍSICO ADICIONAL |
| Información de relación/Frase instructiva de referencia |
Online version: |
| Título |
Journal of corporation law (Online) |
| Número de control del registro |
(DLC) 2007228685 |
| -- |
(OCoLC)42997780 |
| 856 ## - LOCALIZACIÓN Y ACCESO ELECTRÓNICOS |
| Identificador Uniforme del Recurso |
<a href="https://bibliotheque.tbs-education.fr/Default/doc/PUBFINDER/edp39909/journal-of-corporation-law">https://bibliotheque.tbs-education.fr/Default/doc/PUBFINDER/edp39909/journal-of-corporation-law</a> |
| 942 ## - ELEMENTOS DE ENTRADA AGREGADA (KOHA) |
| Fuente del sistema de clasificación o colocación |
Clasificación de Library of Congress |